00503nam a2200157Ia 4500001001000000003000500010008004100015010001100056040000900067110005000076245013000126260002900256300001100285650002500296650002400321Para_6518CHAP220125s1999 xx 000 0 und d a205376 cCHAP aDiamond Black Lealf de México, S.A. de C.V. aAlgodonero :b cuide su dinero combata el picudo recomendaciones para zonas tropicales /c por Diamond Black Leaf de México aMéxico :b La Sociedad a1 hoja aAlgodón x plagas aAnthonomus grandis